<?xml version="1.0" encoding="UTF-8"?>
<record
    xmlns:xsi="http://www.w3.org/2001/XMLSchema-instance"
    xsi:schemaLocation="http://www.loc.gov/MARC21/slim http://www.loc.gov/standards/marcxml/schema/MARC21slim.xsd"
    xmlns="http://www.loc.gov/MARC21/slim">

  <leader>00733nam a2200241 a 4500</leader>
  <datafield tag="999" ind1=" " ind2=" ">
    <subfield code="c">2130</subfield>
    <subfield code="d">2130</subfield>
  </datafield>
  <controlfield tag="007">ta</controlfield>
  <controlfield tag="008">200213t2011    xxuad||g |||| 00| 0 eng d</controlfield>
  <datafield tag="040" ind1=" " ind2=" ">
    <subfield code="a">KO</subfield>
    <subfield code="b">eng</subfield>
  </datafield>
  <datafield tag="041" ind1="0" ind2=" ">
    <subfield code="a">eng</subfield>
  </datafield>
  <datafield tag="044" ind1=" " ind2=" ">
    <subfield code="a">xxu</subfield>
  </datafield>
  <datafield tag="082" ind1="0" ind2="4">
    <subfield code="2">23</subfield>
    <subfield code="a">338.9109051</subfield>
    <subfield code="b">W8931</subfield>
  </datafield>
  <datafield tag="110" ind1=" " ind2=" ">
    <subfield code="a">World Bank</subfield>
  </datafield>
  <datafield tag="245" ind1="1" ind2="0">
    <subfield code="a">World development report 2011 :</subfield>
    <subfield code="b">Conflict, Security, and Development /</subfield>
  </datafield>
  <datafield tag="260" ind1=" " ind2=" ">
    <subfield code="a">Washington , D. C. :</subfield>
    <subfield code="b">The World Bank ,</subfield>
    <subfield code="c">2011.</subfield>
  </datafield>
  <datafield tag="300" ind1=" " ind2=" ">
    <subfield code="a">vii , 58 p. :</subfield>
    <subfield code="b">ill., Charts. ;</subfield>
    <subfield code="c">27 cm.</subfield>
  </datafield>
  <datafield tag="650" ind1=" " ind2="0">
    <subfield code="a">World Decade for Cultural Development, 1988-1997</subfield>
    <subfield code="v">Textbooks</subfield>
  </datafield>
  <datafield tag="650" ind1=" " ind2="0">
    <subfield code="a">Conflict of interests</subfield>
    <subfield code="v">Textbooks</subfield>
  </datafield>
  <datafield tag="650" ind1=" " ind2="0">
    <subfield code="a">Security, International</subfield>
    <subfield code="v">Textbooks</subfield>
  </datafield>
  <datafield tag="650" ind1=" " ind2="0">
    <subfield code="a">Development</subfield>
    <subfield code="v">Textbooks</subfield>
  </datafield>
  <datafield tag="852" ind1=" " ind2=" ">
    <subfield code="a">KO</subfield>
  </datafield>
  <datafield tag="904" ind1=" " ind2=" ">
    <subfield code="a">Reshma_R</subfield>
  </datafield>
  <datafield tag="942" ind1=" " ind2=" ">
    <subfield code="c">BK</subfield>
  </datafield>
  <datafield tag="952" ind1=" " ind2=" ">
    <subfield code="0">0</subfield>
    <subfield code="1">0</subfield>
    <subfield code="2">ddc</subfield>
    <subfield code="4">0</subfield>
    <subfield code="6">338_910905100000000_W8931</subfield>
    <subfield code="7">0</subfield>
    <subfield code="8">GIFTC</subfield>
    <subfield code="9">6304</subfield>
    <subfield code="a">KO</subfield>
    <subfield code="b">KO</subfield>
    <subfield code="c">REF</subfield>
    <subfield code="d">2011-02-13</subfield>
    <subfield code="e">Donated Books</subfield>
    <subfield code="o">338.9109051 W8931</subfield>
    <subfield code="p">G0095</subfield>
    <subfield code="r">2020-02-13</subfield>
    <subfield code="y">GR</subfield>
    <subfield code="z">Shelf-22, Row-5</subfield>
  </datafield>
  <datafield tag="952" ind1=" " ind2=" ">
    <subfield code="0">0</subfield>
    <subfield code="1">0</subfield>
    <subfield code="2">ddc</subfield>
    <subfield code="4">0</subfield>
    <subfield code="6">338_910905100000000_W8931</subfield>
    <subfield code="7">0</subfield>
    <subfield code="8">GIFTC</subfield>
    <subfield code="9">6306</subfield>
    <subfield code="a">KO</subfield>
    <subfield code="b">KO</subfield>
    <subfield code="c">REF</subfield>
    <subfield code="d">2011-02-13</subfield>
    <subfield code="e">Donated Books</subfield>
    <subfield code="o">338.9109051 W8931</subfield>
    <subfield code="p">G0064</subfield>
    <subfield code="r">2020-02-13</subfield>
    <subfield code="y">GR</subfield>
    <subfield code="z">Shelf-22, Row-5</subfield>
  </datafield>
</record>
